Problems of communism / (Titelsatznr. 51363)
[ MARC ]
| 000 -Satzkennung | |
|---|---|
| Kontrollfeld mit fester Länge | 01094nas a22002651c 4500 |
| 001 - Kontrollnummer | |
| Kontrollfeld | ht002205872 |
| 008 - Feld mit fester Länge zur physischen Beschreibung - Allgemeine Angaben | |
| Kontrollfeld mit fester Länge | 070214m19521992gw |||| 000u eng d |
| 022 ## - Internationale Standardseriennummer | |
| Internationale Standardseriennummer | 0032-941X |
| 041 ## - Sprachcode | |
| Sprachcode des Textes/der Tonspur oder des separaten Titels | eng |
| 040 ## - Katalogisierungsquelle | |
| Übertragungsstelle | RU-10907106 |
| 003 - Kontrollnummer Identifier | |
| Kontrollfeld | RU-10907106 |
| 245 00 - Titel | |
| Titel | Problems of communism / |
| Verfasserangabe etc. | International Communication Agency |
| 250 ## - Ausgabebezeichnung | |
| Ausgabebezeichnung | Repr.: New York, NY : Johnson |
| 264 ## - Produktion, Veröffentlichung, Distribution, Herstellung und Urheberrechtsvermerk | |
| Herstellungs-, Veröffentlichungs- Vertriebs-, Erzeugungsort | Washington, DC : |
| Produzent, Herausgeber, Distributor, Hersteller | US Gov.Print.Off., |
| Datum der Herstellung, der Veröffentlichung, des Vertriebs oder des Urheberschutzvermerks | 1952 |
| 362 0# - Erscheinungsdaten und/oder Bandbezeichnung | |
| Datumsangaben der Veröffentlichung und/oder Bandbezeichnung | 1.1952 - 41.1992,3 |
| 500 ## - Allgemeine Fußnote | |
| Allgemeine Fußnote | Internetausg. --->:|Problems of communism |
| 500 ## - Allgemeine Fußnote | |
| Allgemeine Fußnote | Forts. --->:|Problems of post-communism |
| 500 ## - Allgemeine Fußnote | |
| Allgemeine Fußnote | Urh. bis 19.1970: International Information Administration; teils: US Information Agency |
| 710 2# - Nebeneintragung - Körperschaftsname | |
| Körperschafts- oder Gebietskörperschaftsname als Eintragungselement | United States / International Communication Agency |
| 710 2# - Nebeneintragung - Körperschaftsname | |
| Körperschafts- oder Gebietskörperschaftsname als Eintragungselement | United States / International Information Administration |
| 710 2# - Nebeneintragung - Körperschaftsname | |
| Körperschafts- oder Gebietskörperschaftsname als Eintragungselement | International Information Administration; teils: US Information Agency |
| 856 4# - Elektronische Adresse und Zugriff | |
| URL | <a href="https://catalog.hathitrust.org/Record/000500968">https://catalog.hathitrust.org/Record/000500968</a> |
| 910 00 - USER-OPTION DATA (OCLC) | |
| User-option data | 13.1964,2-6; 14.1965; 15.1966; 16.1967; 17.1968,1-3,5-6; 18.1969; 19.1970; 20.1971; 21.1972; 22.1973,1 |
| 942 ## - Zusätzliche Felder (Koha) | |
| Koha-Medientyp | Monographien |
| Ausgeschieden | Verloren | Klassifikation oder Aufstellungssystematik | Beschädigt | Nicht entleihbar | Heimatbibliothek | Aufenthaltsbibliothek | Aufstellungsort | Erwerbungsdatum | Heft/Jahrgang | Inventarnummer | Signatur | Barcode | Letzte Aktivität | Preis gültig von | Koha-Medientyp |
|---|---|---|---|---|---|---|---|---|---|---|---|---|---|---|---|
| Andere/Generische Klassifikation | MWN Osteuropa | MWN Osteuropa | Lesesaal - 1 | 14/02/2007 | 18.1969 | 07-00168e | X- W 65 B eh PoC (1969) | W 65 B eh PoC (1969) | E00401506CBDF2B2 | 18/03/2021 | 22/03/2021 | Monographien | ||||
| Andere/Generische Klassifikation | MWN Osteuropa | MWN Osteuropa | Lesesaal - 1 | 14/02/2007 | 14.1965 | 07-00168b | X- W 65 B eh PoC (1965) | W 65 B eh PoC (1965) | E00401506CBDF17B | 01/11/2021 | 22/03/2021 | Monographien | ||||
| Andere/Generische Klassifikation | MWN Osteuropa | MWN Osteuropa | Lesesaal - 1 | 14/02/2007 | 16.1967 | 07-00168c | X- W 65 B eh PoC (1967) | W 65 B eh PoC (1967) | E00401506CBDF2B6 | 01/11/2021 | 22/03/2021 | Monographien | ||||
| Andere/Generische Klassifikation | MWN Osteuropa | MWN Osteuropa | Lesesaal - 1 | 14/02/2007 | 17.1968,1-3,5-6 | 07-00168d | X- W 65 B eh PoC (1968) | W 65 B eh PoC (1968) | E00401506CBDF2B0 | 01/11/2021 | 22/03/2021 | Monographien | ||||
| Andere/Generische Klassifikation | MWN Osteuropa | MWN Osteuropa | Lesesaal - 1 | 14/02/2007 | 19.1970 | 07-00168f | X- W 65 B eh PoC (1970) | W 65 B eh PoC (1970) | E00401506CBDEE0F | 01/11/2021 | 22/03/2021 | Monographien | ||||
| Andere/Generische Klassifikation | MWN Osteuropa | MWN Osteuropa | Lesesaal - 1 | 14/02/2007 | 20.1971 | 07-00168g | X- W 65 B eh PoC (1971) | W 65 B eh PoC (1971) | E00401506CBDEE0D | 01/11/2021 | 22/03/2021 | Monographien | ||||
| Andere/Generische Klassifikation | MWN Osteuropa | MWN Osteuropa | Lesesaal - 1 | 14/02/2007 | 15.1966 | 07-00168j | X- W 65 B eh PoC (1966) | W 65 B eh PoC (1966) | E00401506CBDF2B8 | 01/11/2021 | 22/03/2021 | Monographien | ||||
| Andere/Generische Klassifikation | MWN Osteuropa | MWN Osteuropa | Lesesaal - 1 | 14/02/2007 | 21.1972 | 07-00168h | X- W 65 B eh PoC (1972) | W 65 B eh PoC (1972) | E00401506CBDF2BA | 01/11/2021 | 22/03/2021 | Monographien | ||||
| Andere/Generische Klassifikation | MWN Osteuropa | MWN Osteuropa | Lesesaal - 1 | 14/02/2007 | 22.1973,1 | 07-00168 | X- W 65 B eh PoC (1973) | W 65 B eh PoC (1973) | E00401506CBDF2B4 | 01/11/2021 | 22/03/2021 | Monographien | ||||
| Andere/Generische Klassifikation | MWN Osteuropa | MWN Osteuropa | Lesesaal - 1 | 14/02/2007 | 13.1964,2-6 | 07-00168a | X- W 65 B eh PoC (1964) | W 65 B eh PoC (1964) | E00401506CBDF179 | 01/11/2021 | 22/03/2021 | Monographien |